| 000 | 00837cam a2200217 4500500 | ||
|---|---|---|---|
| 005 | 20260111080200.0 | ||
| 041 | _afre | ||
| 042 | _adc | ||
| 100 | 1 | 0 |
_aDjeya Kamdom, Yves Gabriel _eauthor |
| 245 | 0 | 0 | _aL’influence du droit communautaire sur le système de contrôle des finances publiques au Cameroun : à propos des directives CEMAC du 19 décembre 2011 |
| 260 | _c2017. | ||
| 500 | _a19 | ||
| 690 | _aCameroun | ||
| 690 | _aCEMAC | ||
| 690 | _acomptabilité publique | ||
| 690 | _acontrôle des finances publiques | ||
| 690 | _acour des comptes | ||
| 690 | _aInstitution Supérieure de Contrôle | ||
| 786 | 0 | _nGestion & Finances Publiques | 1 | 1 | 2017-01-25 | p. 116-121 | 1969-1009 | |
| 856 | 4 | 1 | _uhttps://droit.cairn.info/revue-gestion-et-finances-publiques-2017-1-page-116?lang=fr&redirect-ssocas=7080 |
| 999 |
_c1615976 _d1615976 |
||